00591nam a2200181Ia 450000500170000000800410001702000180005808200170007624500560009326000390014930000190018865000130020765000440022070000250026494200060028995200990029599900150039420240528033804.0240331s9999 xx 000 0 und d a9788132106418 bMICa338.954 0aMigration, Remittance and Development in South Asia aNew DelhibSage Publicationsc2011 axxii, 346 p ., aEconomic aEmigration and Immigration - South Asia aKelegama, Samaneedt cL 001040708LaWERCLbWERCLcSSCd2024-03-31l0o 338.954 MICp6671r2024-03-31w2024-03-31yL c5670d5670